| 000 | 00472nam a2200145 i 4500 | ||
|---|---|---|---|
| 001 | 57890 | ||
| 003 | ES-MaACL | ||
| 007 | t| | ||
| 008 | 031020s1975 sp ||||1| spa d | ||
| 100 | 1 |
_aDonézar, Javier María. _945311 |
|
| 245 | 1 | 3 |
_aLa desamortización de Mendizábal en Navarra _b: 1836-1851 / _cJavier María Donézar. |
| 260 |
_aMadrid : _bInstituto Jerónimo Zurita, _c1975. |
||
| 300 |
_aXX, 370 p. : _bgra., il. ; _c25 cm. |
||
| 852 |
_aES-MaACL _jE-8809 _bR.93319 |
||
| 999 |
_c57890 _d57890 |
||